Catalog

Record Details

Catalog Search



e-Infrastructure and e-Services for Developing Countries Third International ICST Conference, AFRICOMM 2011, Zanzibar, Tanzania, November 23-24, 2011, Revised Selected Papers  Cover Image E-book E-book

e-Infrastructure and e-Services for Developing Countries [electronic resource] : Third International ICST Conference, AFRICOMM 2011, Zanzibar, Tanzania, November 23-24, 2011, Revised Selected Papers / edited by Radu Popescu-Zeletin, Karl Jonas, Idris A. Rai, Roch Glitho, Adolfo Villafiorita.

Popescu-Zeletin, Radu. (editor.). Jonas, Karl. (editor.). Rai, Idris A. (editor.). Glitho, Roch. (editor.). Villafiorita, Adolfo. (editor.). SpringerLink (Online service) (Added Author).

Electronic resources


LDR 02287nam a22005175i 4500
00142425
003CONS
00520130726231009.0
007cr nn 008mamaa
008120409s2012 gw | s |||| 0|eng d
020 . ‡a9783642290930 ‡9978-3-642-29093-0
0247 . ‡a10.1007/978-3-642-29093-0 ‡2doi
035 . ‡a(DE-He213)978-3-642-29093-0
050 4. ‡aQA76.9.C66
072 7. ‡aUBJ ‡2bicssc
072 7. ‡aCOM079000 ‡2bisacsh
1001 . ‡aPopescu-Zeletin, Radu. ‡eeditor.
24510. ‡ae-Infrastructure and e-Services for Developing Countries ‡h[electronic resource] : ‡bThird International ICST Conference, AFRICOMM 2011, Zanzibar, Tanzania, November 23-24, 2011, Revised Selected Papers / ‡cedited by Radu Popescu-Zeletin, Karl Jonas, Idris A. Rai, Roch Glitho, Adolfo Villafiorita.
264 1. ‡aBerlin, Heidelberg : ‡bSpringer Berlin Heidelberg, ‡c2012.
300 . ‡aVIII, 261p. 74 illus. ‡bonline resource.
336 . ‡atext ‡btxt ‡2rdacontent
337 . ‡acomputer ‡bc ‡2rdamedia
338 . ‡aonline resource ‡bcr ‡2rdacarrier
347 . ‡atext file ‡bPDF ‡2rda
4901 . ‡aLecture Notes of the Institute for Computer Sciences, Social Informatics and Telecommunications Engineering, ‡x1867-8211 ; ‡v92
650 0. ‡aComputer science.
650 0. ‡aComputer Communication Networks.
650 0. ‡aInformation systems.
650 0. ‡aEducation.
650 0. ‡aInformation Systems.
65014. ‡aComputer Science.
65024. ‡aComputers and Society.
65024. ‡aComputer Communication Networks.
65024. ‡aComputers and Education.
65024. ‡aManagement of Computing and Information Systems.
65024. ‡aComputer Appl. in Administrative Data Processing.
65024. ‡aPersonal Computing.
7001 . ‡aJonas, Karl. ‡eeditor.
7001 . ‡aRai, Idris A. ‡eeditor.
7001 . ‡aGlitho, Roch. ‡eeditor.
7001 . ‡aVillafiorita, Adolfo. ‡eeditor.
7102 . ‡aSpringerLink (Online service)
7730 . ‡tSpringer eBooks
77608. ‡iPrinted edition: ‡z9783642290923
830 0. ‡aLecture Notes of the Institute for Computer Sciences, Social Informatics and Telecommunications Engineering, ‡x1867-8211 ; ‡v92
85640. ‡uhttp://biblioteca.ipicyt.edu.mx:2048/login?url=http://dx.doi.org/10.1007/978-3-642-29093-0 ‡yTexto completo ‡9CONS
950 . ‡aComputer Science (Springer-11645)
901 . ‡a42425 ‡b ‡c42425 ‡tbiblio ‡sSystem Local

Additional Resources